En la boca del lobo : (Registro nro. 7467)

Detalles MARC
000 -LEADER
fixed length control field 02893nam a22003137a 4500
003 - CONTROL NUMBER IDENTIFIER
control field OSt
005 - DATE AND TIME OF LATEST TRANSACTION
control field 20210305174301.0
008 - FIXED-LENGTH DATA ELEMENTS--GENERAL INFORMATION
fixed length control field 210305s2011 ck ao||gr|||| 00| 0 spa d
020 ## - INTERNATIONAL STANDARD BOOK NUMBER
International Standard Book Number 9789588618609
040 ## - CATALOGING SOURCE
Original cataloging agency CO-JMCR
Transcribing agency CO-JMCR
041 1# - LANGUAGE CODE
Language code of text/sound track or separate title spa
Language code of original eng
082 04 - DEWEY DECIMAL CLASSIFICATION NUMBER
Classification number 363.45 /
Item number R389e
Edition number 23
100 1# - MAIN ENTRY--PERSONAL NAME
Personal name Rempel, William C.,
Relator term autor
9 (RLIN) 14457
245 10 - TITLE STATEMENT
Title En la boca del lobo :
Remainder of title la historia jamás contada del hombre que hizo caer al cartel de Cali /
Statement of responsibility, etc. William C. Rempel ; traducción de Adriana Delgado
250 ## - EDITION STATEMENT
Edition statement Primera edición
260 ## - PUBLICATION, DISTRIBUTION, ETC.
Place of publication, distribution, etc. Bogotá :
Name of publisher, distributor, etc. Grijalbo,
Date of publication, distribution, etc. 2011
300 ## - PHYSICAL DESCRIPTION
Extent 431 páginas :
Other physical details ilustraciones y fotografías a blanco y negro ;
Dimensions 24 cm.
500 ## - GENERAL NOTE
General note Incluye datos biográficos del autor.
500 ## - GENERAL NOTE
General note Título original : At the devil's table. The untold story of the insider who brought down the Cali Cartel
504 ## - BIBLIOGRAPHY, ETC. NOTE
Bibliography, etc. note Bibliografía: páginas 428-429
505 0# - FORMATTED CONTENTS NOTE
Formatted contents note Los años de guerra del cartel (1989-1993) -- El hombre del cartel (1993-1995) -- Los últimos días (mediados de 1995) -- Historias detrás de la historia
520 3# - SUMMARY, ETC.
Summary, etc. En 1998 Jorge Salcedo, un ingeniero y hombre de negocios, oficial de la reserva del Ejercito especializado en vigilancia electrónica e inteligencia, sirvió como intermediario en la contratación de unos mercenarios británicos cuya tarea sería destruir el cuartel general de las FARC. Aunque este operativo se canceló en el último momento al año siguiente los capos del cartel de Cali se pusieron en contacto con Salcedo para obtener el servicio de los mismos mercenarios, ahora con el objetivo de acabar con Pablo Escobar. Esta misión también terminó en fracaso, pero Salcedo se había ganado la confianza de los Rodríguez Orejuela y permaneció a su servicio.<br/>Cuando Pablo Escobar fue asesinado, Jorge Salcedo creyó que sus días con el cartel habían finalizado y quiso retirarse. Pero los patrones no aceptaron su renuncia, y en lugar de eso tuvo que hacerse cargo de su protección y de la seguridad entera del cartel. En ese instante, Salcedo hizo un pacto consigo mismo: nunca mataría a nadie. Por eso, cuando recibió la orden directa de eliminar a Guillermo Pallomari, se vio en la disyuntiva de asesinar o ser asesinado. No obstante, existía una tercera opción, la más rigurosa: provocar la caída del cartel.<br/>"Como los cronistas de antaño. Rampel consigue que la gente cuente historias asombrosas que no contraría a nadie más. Al final, te das cuenta de que el mayor misterio es que Jorge Salcedo haya logrado sobrevivir el tiempo suficiente para relatarle su vida a un reportero"
546 ## - LANGUAGE NOTE
Language note Traducido del inglés.
650 14 - SUBJECT ADDED ENTRY--TOPICAL TERM
Topical term or geographic name entry element Narcotráfico
General subdivision investigaciones
Geographic subdivision Cali (Colombia)
9 (RLIN) 14458
650 24 - SUBJECT ADDED ENTRY--TOPICAL TERM
Topical term or geographic name entry element Industria de la coca
Geographic subdivision Cali (Colombia)
9 (RLIN) 14459
650 24 - SUBJECT ADDED ENTRY--TOPICAL TERM
Topical term or geographic name entry element Crimen organizado
Geographic subdivision Cali (Colombia)
9 (RLIN) 14460
700 1# - ADDED ENTRY--PERSONAL NAME
Personal name Delgado, Adriana,
Relator term traductora
9 (RLIN) 14461
942 ## - ADDED ENTRY ELEMENTS (KOHA)
Source of classification or shelving scheme Dewey Decimal Classification
Koha item type Books
Existencias
Withdrawn status Lost status Source of classification or shelving scheme Damaged status Not for loan Collection code Home library Current library Date acquired Source of acquisition Total Checkouts Total Renewals Full call number Barcode Date last seen Date last checked out Copy number Price effective from Koha item type
    Dewey Decimal Classification     Non-fiction Biblioteca Pública José María del Castillo y Rada Biblioteca Pública José María del Castillo y Rada 02/25/2021 Donación 2 1 363.45 / R389e 201810637 02/24/2026 02/11/2026 Ej.1 03/05/2021 Books